Associez le footballeur à son pays - Clic Quiz - Partie 6 - Statistiques

Statistiques générales
  • Ce quiz a été pris 893 fois
    892 depuis la dernière actualisation
  • Le résultat moyen est 15 sur 20
Statistiques - réponses
Hint Réponse % Correct
Julian Draxler Allemagne
91%
Hakim Ziyech Maroc
91%
Yaya Touré Côte d'Ivoire
90%
Youcef Belaili Algérie
85%
Jorginho Italie
85%
Michy Batshuayi Belgique
82%
Danijel Subasic Croatie
82%
Pierre-Emile Højbjerg Danemark
82%
Dušan Tadić Serbie
81%
Cedric Bakambu Congo (RDC)
80%
Nelson Semedo Portugal
80%
Malo Gusto France
77%
Steven Berghuis Pays-Bas
76%
Breel Embolo Suisse
76%
Sead Kolasinac Bosnie-Herzégovine
71%
Kevin Danso Autriche
64%
Junior Firpo Espagne
64%
Milot Rashica Kosovo
63%
Ola Toivonen Suède
61%
Marshall Munetsi Zimbabwe
55%
Aucun quiz correspondant
Distribution des résultats
% des personnes avec chaque résultat
Percentile par nombre de réponses
Votre historique - résultats
Vous n’avez pas pris ce quiz depuis la dernière actualisation